| 000 -LEADER |
| fixed length control field |
02028cam a2200373 a 4500 |
| 001 - CONTROL NUMBER |
| control field |
14881145 |
| 005 - DATE AND TIME OF LATEST TRANSACTION |
| control field |
20221101095531.0 |
| 008 - FIXED-LENGTH DATA ELEMENTS--GENERAL INFORMATION |
| fixed length control field |
070606s2007 hiuab b s001 0 eng |
| 010 ## - LIBRARY OF CONGRESS CONTROL NUMBER |
| LC control number |
2007023706 |
| 020 ## - INTERNATIONAL STANDARD BOOK NUMBER |
| International Standard Book Number |
9780824831264 (hardcover : alk. paper) |
| 020 ## - INTERNATIONAL STANDARD BOOK NUMBER |
| International Standard Book Number |
0824831268 (hardcover : alk. paper) |
| 020 ## - INTERNATIONAL STANDARD BOOK NUMBER |
| International Standard Book Number |
9780824831912 (pbk. : alk. paper) |
| 020 ## - INTERNATIONAL STANDARD BOOK NUMBER |
| International Standard Book Number |
0824831918 (pbk. : alk. paper) |
| 035 ## - SYSTEM CONTROL NUMBER |
| System control number |
(OCoLC)ocn141381983 |
| 035 ## - SYSTEM CONTROL NUMBER |
| System control number |
(OCoLC)141381983 |
| 040 ## - CATALOGING SOURCE |
| Original cataloging agency |
DLC |
| Transcribing agency |
DLC |
| Modifying agency |
YDX |
| -- |
YDXCP |
| -- |
BTCTA |
| -- |
C#P |
| -- |
BWX |
| -- |
BAKER |
| -- |
IXA |
| -- |
DLC |
| 043 ## - GEOGRAPHIC AREA CODE |
| Geographic area code |
a-ja--- |
| 050 00 - LIBRARY OF CONGRESS CALL NUMBER |
| Classification number |
BQ689 |
| Item number |
.G73 2007 |
| 082 00 - DEWEY DECIMAL CLASSIFICATION NUMBER |
| Classification number |
700.4829430952 |
| Author Mark |
GRA |
| 100 1# - MAIN ENTRY--PERSONAL NAME |
| Personal name |
Graham, Patricia Jane. |
| 9 (RLIN) |
102102 |
| 245 10 - TITLE STATEMENT |
| Title |
Faith and power in Japanese Buddhist art, 1600-2005 / |
| Statement of responsibility, etc. |
Patricia J. Graham. |
| 260 ## - PUBLICATION, DISTRIBUTION, ETC. |
| Place of publication, distribution, etc. |
Honolulu : |
| Name of publisher, distributor, etc. |
University of Hawai'i Press, |
| Date of publication, distribution, etc. |
c2007. |
| 300 ## - PHYSICAL DESCRIPTION |
| Extent |
viii, 353 p. : |
| Other physical details |
ill. (some col.), map ; |
| Dimensions |
25 cm. |
| 504 ## - BIBLIOGRAPHY, ETC. NOTE |
| Bibliography, etc. note |
Includes bibliographical references (p. [313]-338) and index. |
| 505 0# - FORMATTED CONTENTS NOTE |
| Formatted contents note |
Buddhism in the arts of early modern Japan, 1600-1868 -- Institutional Buddhism under warrior rule -- Buddhist temples for the elites -- Temples for commoners -- Depictions of popular deities and spiritual concerns -- Professional icon-makers -- Expressions of faith -- Buddhist imagery and sacred sites in modern Japan, 1868-2005 -- Buddhist institutions after an era of persecution, 1868-1945 -- From icon to art, 1868-1945 -- Buddhist sites of worship, 1945-2005 -- Visualizing faith, 1945-2005. |
| 650 #0 - SUBJECT ADDED ENTRY--TOPICAL TERM |
| Topical term or geographic name entry element |
Buddhism |
| Geographic subdivision |
Japan |
| General subdivision |
History |
| Chronological subdivision |
1600-1868. |
| 9 (RLIN) |
102103 |
| 650 #0 - SUBJECT ADDED ENTRY--TOPICAL TERM |
| Topical term or geographic name entry element |
Buddhism |
| Geographic subdivision |
Japan |
| General subdivision |
History |
| Chronological subdivision |
1868-1945. |
| 9 (RLIN) |
102104 |
| 650 #0 - SUBJECT ADDED ENTRY--TOPICAL TERM |
| Topical term or geographic name entry element |
Buddhism |
| Geographic subdivision |
Japan |
| General subdivision |
History |
| Chronological subdivision |
1945- |
| 9 (RLIN) |
102105 |
| 650 #0 - SUBJECT ADDED ENTRY--TOPICAL TERM |
| Topical term or geographic name entry element |
Buddhist arts |
| Geographic subdivision |
Japan. |
| 9 (RLIN) |
102106 |
| 856 41 - ELECTRONIC LOCATION AND ACCESS |
| Materials specified |
Table of contents only |
| Uniform Resource Identifier |
<a href="http://www.loc.gov/catdir/toc/ecip0720/2007023706.html">http://www.loc.gov/catdir/toc/ecip0720/2007023706.html</a> |
| 906 ## - LOCAL DATA ELEMENT F, LDF (RLIN) |
| a |
7 |
| b |
cbc |
| c |
orignew |
| d |
1 |
| e |
ecip |
| f |
20 |
| g |
y-gencatlg |
| 942 ## - ADDED ENTRY ELEMENTS (KOHA) |
| Source of classification or shelving scheme |
|
| Koha item type |
Book |